| 000 | 00674nam a2200181 4500 | ||
|---|---|---|---|
| 010 | _aHIN-130948 | ||
| 020 |
_a9789369443277 _c450.00 |
||
| 035 | _aHN-103294 | ||
| 037 | _bDBAD | ||
| 082 | _aउ | ||
| 100 |
_aगोबिन्द मिश्र _986830 |
||
| 245 |
_aतो जनार्दन बाबू... / _cगोविन्द मिश्र |
||
| 250 | _a | ||
| 260 |
_aनई दिल्ली _bवाणी प्रकाशन _c2025 |
||
| 270 |
_a4695,21-ए, दरियागंज, _bनई दिल्ली _e110002 |
||
| 300 |
_a156पृ. _c22सेमी (सजिल्द) _b |
||
| 942 |
_2ddc _cHN _hउ _mगोबिन्द |
||
| 999 |
_c214481 _d214481 |
||